[Event "3.Città di Padova Op.B, Elo<1900"]
[Site "Padova Ex Fornace Carotta"]
[Date "2000.12.03"]
[Round "3.11"]
[White "Zanirato, Stefano"]
[Black "Solinas, Roberto"]
[Result "1/2-1/2"]
[WhiteElo "1683"]
[BlackElo "1606"]
[Annotator "Gabriele Ballarin"]
[PlyCount "96"]
[EventDate "2000.12.02"]
[EventType "swiss"]
[EventRounds "6"]
[EventCountry "ITA"]

1. Nf3 Nf6 2. d3 d5 3. c3 c5 4. Qc2 Nc6 5. e4 Qc7 6. Be2 e6 7. O-O Be7 8. Bg5 O-O 9. Nbd2 b6 10. d4 Bb7 11. e5 Ne8 12. Bd3 h6 13. Bxe7 Qxe7 14. b3 cxd4 15. cxd4 Rc8 16. Qb2 f5 17. exf6 Qxf6 18. a3 Nc7 19. b4 a6 20. Rac1 Nb5 21. Nb3 Rfd8 22. Rfe1 Ne7 23. a4 Nd6 24. Qe2 Rxc1 25. Rxc1 Nc4 26. Ne5 Nxe5 27. dxe5 Qg5 28. Bxa6 Bxa6 29. Qxa6 Qxe5 30. Qxb6 Rb8 31. Qc5 Rc8 32. Qe3 Rxc1+ 33. Qxc1 Nf5 34. g3 Qe4 35. b5 Qxa4 36. Qc8+ Kh7 37. Qxe6 Qxb3 38. Qxf5+ Kh8 39. Qc8+ Kh7 40. Qc6 Qb1+ 41. Kg2 Qe4+ 42. f3 Qe2+ 43. Kh3 Qxf3 44. Qc2+ Kh8 45. b6 d4 46. Qc8+ Kh7 47. b7 Qh5+ 48. Kg2 Qe2+ 1/2-1/2

[Event "3.Città di Padova Op.B, Elo<1900"]
[Site "Padova Ex Fornace Carotta"]
[Date "2000.12.03"]
[Round "3.12"]
[White "Pomaro, Stefano"]
[Black "Viola, Matteo"]
[Result "0-1"]
[WhiteElo "1563"]
[BlackElo "1898"]
[Annotator "Gabriele Ballarin"]
[PlyCount "48"]
[EventDate "2000.12.02"]
[EventType "swiss"]
[EventRounds "6"]
[EventCountry "ITA"]

1. e4 e5 2. d4 exd4 3. c3 d5 4. exd5 Qxd5 5. Nf3 Nc6 6. cxd4 Bg4 7. Be2 Bb4+ 8. Nc3 Bxf3 9. Bxf3 Qc4 10. Bxc6+ bxc6 11. Qe2+ Qxe2+ 12. Kxe2 O-O-O 13. Be3 Ne7 14. a3 Ba5 15. Rhd1 Rhe8 16. g4 f5 17. f3 f4 18. Bf2 Nd5+ 19. Kd3 Ne3 20. Re1 Bb6 21. Bxe3 fxe3 22. Rxe3 Rxd4+ 23. Ke2 Rxe3+ 24. Kxe3 Rd1+ 0-1

[Event "3.Città di Padova Op.B, Elo<1900"]
[Site "Padova Ex Fornace Carotta"]
[Date "2000.12.03"]
[Round "3.13"]
[White "Del Giudice, Stefano"]
[Black "Opacic, Alexandar"]
[Result "0-1"]
[WhiteElo "1555"]
[BlackElo "1837"]
[Annotator "Gabriele Ballarin"]
[PlyCount "62"]
[EventDate "2000.12.02"]
[EventType "swiss"]
[EventRounds "6"]
[EventCountry "ITA"]

1. e4 e6 2. d4 d5 3. Nd2 dxe4 4. Nxe4 Nf6 5. Bd3 Bd7 6. Nf3 Bc6 7. Qe2 Be7 8. c3 h6 9. O-O Nbd7 10. b4 O-O 11. Ng3 Re8 12. Ne5 Nxe5 13. dxe5 Nh7 14. Rd1 Qc8 15. b5 Bd7 16. Qe4 Nf8 17. Qg4 f5 18. Qe2 c6 19. c4 b6 20. Nh5 Ng6 21. Bb2 Bc5 22. Qf3 Rf8 23. Qg3 Kh7 24. Be2 Qe8 25. Rd2 cxb5 26. cxb5 Bxb5 27. Bf3 Rd8 28. Rxd8 Qxd8 29. a4 Qd2 30. axb5 Qxb2 31. Re1 f4 0-1

[Event "3.Città di Padova Op.B, Elo<1900"]
[Site "Padova Ex Fornace Carotta"]
[Date "2000.12.03"]
[Round "3.14"]
[White "Broccardo, Nicola"]
[Black "Figus, Maurizio"]
[Result "1/2-1/2"]
[WhiteElo "1537"]
[BlackElo "1765"]
[Annotator "Gabriele Ballarin"]
[PlyCount "58"]
[EventDate "2000.12.02"]
[EventType "swiss"]
[EventRounds "6"]
[EventCountry "ITA"]

1. c4 e5 2. b3 d6 3. Bb2 f5 4. e3 Nf6 5. Ne2 Be7 6. g3 O-O 7. Bg2 Nc6 8. Nbc3 Qe8 9. Nd5 Bd8 10. O-O Ne7 11. Nxf6+ Rxf6 12. f4 Ng6 13. fxe5 dxe5 14. d4 Rf8 15. dxe5 Nxe5 16. Qd5+ Nf7 17. Bd4 c6 18. Qf3 Ne5 19. Bxe5 Qxe5 20. e4 Bb6+ 21. Kh1 Re8 22. Nc3 Bd4 23. Rac1 g6 24. Rfe1 Bd7 25. Bh3 Rad8 26. exf5 Qxe1+ 27. Rxe1 Rxe1+ 28. Bf1 Bxf5 29. Kg2 Re3 1/2-1/2

[Event "3.Città di Padova Op.B, Elo<1900"]
[Site "Padova Ex Fornace Carotta"]
[Date "2000.12.03"]
[Round "3.15"]
[White "Sedani, Elisa"]
[Black "Busi, Massimo"]
[Result "0-1"]
[WhiteElo "1533"]
[BlackElo "1672"]
[Annotator "Gabriele Ballarin"]
[PlyCount "61"]
[EventDate "2000.12.02"]
[EventType "swiss"]
[EventRounds "6"]
[EventCountry "ITA"]

1. e4 e5 2. Nf3 Nf6 3. Nc3 Bb4 4. Bc4 Bxc3 5. dxc3 d6 6. Bg5 O-O 7. Bd3 Bg4 8. Qd2 Nbd7 9. h3 Bh5 10. g4 Bg6 11. Nh4 Qe8 12. f3 Qe6 13. Nf5 d5 14. Bxf6 Nxf6 15. g5 Nh5 16. exd5 Qd7 17. Ne3 Rae8 18. O-O-O e4 19. fxe4 Bxe4 20. Bxe4 Rxe4 21. Ng4 Rfe8 22. Nf6+ gxf6 23. gxf6 Qf5 24. Rhg1+ Kh8 25. Rdf1 Nf4 26. Rg4 Nd3+ 27. Qxd3 Re1+ 28. Kd2 Rxf1 29. Qxf5 Rxf5 30. Kd3 Rxd5+ 31. Kc4 0-1

[Event "3.Città di Padova Op.B, Elo<1900"]
[Site "Padova Ex Fornace Carotta"]
[Date "2000.12.03"]
[Round "3.16"]
[White "De Nard, Stefano"]
[Black "Zangrando, Gianpietro"]
[Result "1-0"]
[WhiteElo "1518"]
[BlackElo "1662"]
[Annotator "Gabriele Ballarin"]
[PlyCount "91"]
[EventDate "2000.12.02"]
[EventType "swiss"]
[EventRounds "6"]
[EventCountry "ITA"]

1. e4 c6 2. d3 d5 3. Nd2 g6 4. g3 Bg7 5. Bg2 Nf6 6. Ne2 Bg4 7. O-O Qd7 8. Re1 Na6 9. e5 Nh5 10. f3 Bh3 11. d4 Bxg2 12. Kxg2 Bh6 13. Nf1 g5 14. b3 Rg8 15. c4 Nf4+ 16. Nxf4 gxf4 17. g4 O-O-O 18. Qe2 Nc7 19. Bb2 Bg5 20. cxd5 Qxd5 21. Qe4 Qe6 22. Qxh7 Rg6 23. Kg1 Rdg8 24. Qh3 Rh6 25. Qg2 Nd5 26. Bc1 Rgh8 27. Bd2 Qg6 28. Qe2 Bh4 29. Red1 e6 30. Qe4 Qg5 31. Rac1 Bf2+ 32. Kg2 Rxh2+ 33. Nxh2 Rxh2+ 34. Kxh2 Qh4+ 35. Kg2 Qg3+ 36. Kf1 Be3 37. Ke2 Qf2+ 38. Kd3 a5 39. Bxe3 fxe3 40. a4 Qb2 41. Rb1 Nb4+ 42. Kxe3 Nd5+ 43. Kd3 Nb4+ 44. Kc4 b5+ 45. axb5 cxb5+ 46. Kxb5 1-0

[Event "3.Città di Padova Op.B, Elo<1900"]
[Site "Padova Ex Fornace Carotta"]
[Date "2000.12.03"]
[Round "3.17"]
[White "Negro, Raffaele"]
[Black "Ceccherini, Paolo"]
[Result "1-0"]
[WhiteElo "1651"]
[BlackElo "1507"]
[Annotator "Gabriele Ballarin"]
[PlyCount "61"]
[EventDate "2000.12.02"]
[EventType "swiss"]
[EventRounds "6"]
[EventCountry "ITA"]

1. Nf3 d5 2. g3 Nf6 3. Bg2 Nc6 4. O-O e5 5. d3 Be7 6. Nbd2 O-O 7. e4 d4 8. Nc4 Nd7 9. a4 f6 10. Nh4 Nb6 11. Nxb6 axb6 12. Nf5 Rf7 13. Qg4 Kh8 14. Qe2 Bf8 15. h4 b5 16. b3 b4 17. Bd2 Bc5 18. h5 Ne7 19. Nh4 Be6 20. f4 c6 21. f5 Bd7 22. Ng6+ Kg8 23. Kf2 Nxf5 24. exf5 Bxf5 25. Be4 Bxe4 26. Qxe4 hxg6 27. hxg6 f5 28. gxf7+ Kxf7 29. Qxf5+ Qf6 30. Ke2 Rh8 31. Qd7+ 1-0

[Event "3.Città di Padova Op.B, Elo<1900"]
[Site "Padova Ex Fornace Carotta"]
[Date "2000.12.03"]
[Round "3.18"]
[White "Alba, Riccardo"]
[Black "Troise, Salvatore"]
[Result "0-1"]
[WhiteElo "1500"]
[BlackElo "1648"]
[Annotator "Gabriele Ballarin"]
[PlyCount "54"]
[EventDate "2000.12.02"]
[EventType "swiss"]
[EventRounds "6"]
[EventCountry "ITA"]

1. e4 c5 2. Nf3 Nc6 3. d4 cxd4 4. Nxd4 e5 5. Nxc6 bxc6 6. c4 Nf6 7. Bd3 Be7 8. Be3 d6 9. Nc3 Ng4 10. Qd2 Nxe3 11. Qxe3 O-O 12. O-O Bg5 13. Qg3 Bf4 14. Qf3 Qg5 15. Be2 f5 16. Qd3 Qg6 17. Bf3 fxe4 18. Bxe4 Bf5 19. Rad1 Rad8 20. h3 Bg5 21. Qe2 Bxe4 22. Nxe4 Be7 23. Rd2 Rf4 24. Re1 Rdf8 25. Qe3 c5 26. Kf1 Qe6 27. b3 g5 0-1

[Event "3.Città di Padova Op.B, Elo<1900"]
[Site "Padova Ex Fornace Carotta"]
[Date "2000.12.03"]
[Round "3.19"]
[White "Di Giacomo, Antonio"]
[Black "Muzhaqi, Halit"]
[Result "1-0"]
[WhiteElo "1633"]
[BlackElo "1500"]
[Annotator "Gabriele Ballarin"]
[PlyCount "59"]
[EventDate "2000.12.02"]
[EventType "swiss"]
[EventRounds "6"]
[EventCountry "ITA"]

1. d4 Nf6 2. Nf3 d5 3. h3 Bf5 4. e3 h6 5. Nbd2 Nbd7 6. c3 e6 7. Be2 c5 8. O-O Bd6 9. Re1 O-O 10. b3 Qc7 11. Bb2 Be4 12. Rc1 Rac8 13. c4 Qb8 14. Nf1 Nh7 15. N3d2 Ng5 16. h4 Nh7 17. Nxe4 dxe4 18. dxc5 Bxc5 19. Qxd7 Rfd8 20. Qa4 Rc6 21. b4 Be7 22. g3 g5 23. Qc2 f5 24. h5 Bxb4 25. Red1 Be7 26. Nd2 a5 27. Nxe4 fxe4 28. Qxe4 Rxd1+ 29. Rxd1 Nf6 30. Qg6+ 1-0

[Event "3.Città di Padova Op.B, Elo<1900"]
[Site "Padova Ex Fornace Carotta"]
[Date "2000.12.03"]
[Round "3.21"]
[White "Velluti, Alberto"]
[Black "Crestani, Federico"]
[Result "1-0"]
[WhiteElo "1630"]
[BlackElo "1480"]
[Annotator "Gabriele Ballarin"]
[PlyCount "127"]
[EventDate "2000.12.02"]
[EventType "swiss"]
[EventRounds "6"]
[EventCountry "ITA"]

1. d4 d5 2. c4 e6 3. Nc3 Nf6 4. Bg5 Be7 5. e3 h6 6. Bf4 c6 7. c5 Nbd7 8. Bd3 b5 9. b4 a5 10. a3 a4 11. Nf3 Nh5 12. Be5 Nhf6 13. Rc1 Ba6 14. Qc2 Nxe5 15. Nxe5 Qc7 16. Qe2 Qb7 17. O-O O-O 18. Bb1 Nd7 19. Qd3 f5 20. Ng6 Rf7 21. Ne2 Nf8 22. Ne5 Rf6 23. Nf4 Nd7 24. Qe2 Nxe5 25. dxe5 Rf7 26. Nxe6 Qd7 27. Nd4 Qc7 28. e6 Rf6 29. f4 g6 30. Qf2 Raf8 31. Qg3 Kh7 32. Qh4 Bc8 33. Rf3 Bxe6 34. Rh3 h5 35. Rf1 Qd7 36. Nf3 R6f7 37. Qg3 Rg7 38. Ne5 Qe8 39. Qe1 Bf6 40. Nf3 Qc8 41. Nd4 Qd7 42. Qd1 Re8 43. Bd3 Bxd4 44. exd4 Qf7 45. Re1 Bd7 46. Rhe3 Rgg8 47. Re5 Re6 48. R1e3 Rge8 49. Qe1 Rxe5 50. fxe5 Be6 51. Rg3 Qe7 52. Qe3 Rf8 53. Qf4 Rg8 54. Rg5 Rg7 55. h3 Rg8 56. Qh4 Qf7 57. g3 Rg7 58. Be2 Kg8 59. Qf4 Qe7 60. g4 fxg4 61. hxg4 h4 62. Qf6 Qxf6 63. exf6 Rh7 64. Rxg6+ 1-0

[Event "3.Città di Padova Op.B, Elo<1900"]
[Site "Padova Ex Fornace Carotta"]
[Date "2000.12.03"]
[Round "3.22"]
[White "Favero, Graziano"]
[Black "Quaranta, Cristiano"]
[Result "1-0"]
[WhiteElo "1621"]
[BlackElo "1468"]
[Annotator "Gabriele Ballarin"]
[PlyCount "104"]
[EventDate "2000.12.02"]
[EventType "swiss"]
[EventRounds "6"]
[EventCountry "ITA"]

1. e4 c5 2. Nf3 e6 3. d4 cxd4 4. Nxd4 a6 5. Nc3 Qc7 6. a3 b5 7. Bd3 Bb7 8. O-O Nf6 9. Be3 b4 10. axb4 Bxb4 11. Ra4 Bxc3 12. Rc4 Qd8 13. bxc3 Nxe4 14. Bxe4 Bxe4 15. Qg4 Bg6 16. Bg5 h5 17. Qf3 f6 18. Qxa8 fxg5 19. Rd1 Bf7 20. Rb4 O-O 21. Rdb1 Nc6 22. Qxd8 Rxd8 23. Nxc6 dxc6 24. Rb8 Re8 25. Rxe8+ Bxe8 26. Ra1 Kf7 27. Rxa6 Ke7 28. Ra7+ Bd7 29. Kf1 Ke8 30. Ke2 Ke7 31. Ke3 Kd6 32. Ke4 Ke7 33. Ra5 Kf6 34. h4 gxh4 35. Rxh5 g5 36. Rh7 Be8 37. Rc7 Bg6+ 38. Ke3 Be8 39. c4 e5 40. c3 Ke6 41. f3 Kf6 42. c5 Ke6 43. c4 Kf6 44. Rc8 Ke7 45. Ke4 Bd7 46. Rc7 Ke6 47. Rxd7 Kxd7 48. Kxe5 Ke7 49. Kf5 Kf7 50. Kxg5 Ke6 51. Kf4 Kf6 52. Ke4 Ke6 1-0

[Event "3.Città di Padova Op.B, Elo<1900"]
[Site "Padova Ex Fornace Carotta"]
[Date "2000.12.03"]
[Round "3.23"]
[White "Moschini, Costantino"]
[Black "Quaranta, Gaetano"]
[Result "0-1"]
[WhiteElo "1465"]
[BlackElo "1609"]
[Annotator "Gabriele Ballarin"]
[PlyCount "72"]
[EventDate "2000.12.02"]
[EventType "swiss"]
[EventRounds "6"]
[EventCountry "ITA"]

1. d4 Nf6 2. Nf3 c5 3. d5 d6 4. Bg5 Nbd7 5. Nbd2 h6 6. Bxf6 Nxf6 7. e4 e6 8. c4 Be7 9. Be2 exd5 10. exd5 O-O 11. O-O Bf5 12. Re1 b5 13. Nf1 bxc4 14. Bxc4 Rb8 15. b3 Ne4 16. Ng3 Nxg3 17. hxg3 Bf6 18. Rc1 Bb2 19. Nh4 Bh7 20. Qg4 Bxc1 21. Rxc1 Re8 22. Nf5 Bxf5 23. Qxf5 Qg5 24. Qc2 Re7 25. a3 Rbe8 26. Bb5 Re1+ 27. Rxe1 Rxe1+ 28. Bf1 Qc1 29. Qd3 Qxa3 30. Qf5 Qa6 31. Kh2 Rxf1 32. Qd7 Rxf2 33. g4 Qf1 34. Qe8+ Kh7 35. Qe4+ g6 36. Kh3 Qe2 0-1

[Event "3.Città di Padova Op.B, Elo<1900"]
[Site "Padova Ex Fornace Carotta"]
[Date "2000.12.03"]
[Round "3.24"]
[White "Pavon, Michele"]
[Black "Musiani, Carlo"]
[Result "1-0"]
[WhiteElo "1603"]
[BlackElo "1458"]
[Annotator "Gabriele Ballarin"]
[PlyCount "57"]
[EventDate "2000.12.02"]
[EventType "swiss"]
[EventRounds "6"]
[EventCountry "ITA"]

1. e4 e6 2. d4 d5 3. Nc3 dxe4 4. Nxe4 Bd7 5. Nf3 Bc6 6. Bd3 Bxe4 7. Bxe4 c6 8. O-O Nf6 9. Bd3 Bd6 10. Re1 O-O 11. Bg5 Nbd7 12. Ne5 Qc7 13. Nxd7 Nxd7 14. Qg4 f5 15. Qh3 Rae8 16. Bc4 Kh8 17. Bxe6 Nf6 18. Bxf5 h6 19. Rxe8 Nxe8 20. Bd3 Qf7 21. Bh4 Nf6 22. Qf5 Be7 23. Bxf6 gxf6 24. Re1 Rg8 25. Bc4 Qxc4 26. Rxe7 Rg7 27. Re8+ Rg8 28. Qxf6+ Kh7 29. Re7+ 1-0

[Event "3.Città di Padova Op.B, Elo<1900"]
[Site "Padova Ex Fornace Carotta"]
[Date "2000.12.03"]
[Round "3.25"]
[White "Barbetta, Cosimo"]
[Black "Gobbato, Paolo"]
[Result "0-1"]
[WhiteElo "1600"]
[BlackElo "1600"]
[Annotator "Gabriele Ballarin"]
[PlyCount "144"]
[EventDate "2000.12.02"]
[EventType "swiss"]
[EventRounds "6"]
[EventCountry "ITA"]

1. e4 c5 2. Nf3 e6 3. c3 a6 4. a3 b5 5. b4 Qc7 6. Bb2 Bb7 7. d3 Nf6 8. Nbd2 d6 9. Be2 Nbd7 10. O-O Be7 11. h3 O-O 12. Nh2 Rac8 13. Ng4 cxb4 14. axb4 Rfd8 15. d4 Nxe4 16. Nxe4 Bxe4 17. Rxa6 Qb7 18. Ra5 Bxg2 19. Re1 Bxh3 20. Bf3 d5 21. Qe2 Bxg4 22. Bxg4 Nb6 23. Rxb5 Qc6 24. Ra5 Nc4 25. Ra2 Nxb2 26. Rxb2 Qxc3 27. Bxe6 fxe6 28. Qxe6+ Kh8 29. Rbe2 Bf8 30. Qf7 Qxb4 31. Re8 Qa3 32. R1e7 Rxe8 33. Rxe8 Qc1+ 34. Kg2 Qg5+ 35. Kf1 Rc1+ 36. Re1 Rxe1+ 37. Kxe1 Qe7+ 38. Qxe7 Bxe7 39. Ke2 h5 40. f4 h4 41. Kf3 Bf6 42. Kg4 Kg8 43. f5 Kh7 44. Kh3 Kh6 45. Kg4 Bxd4 46. Kxh4 Bc3 47. Kg4 d4 48. Kf3 d3 49. Ke3 d2 50. Ke2 Kg5 51. f6 Kxf6 52. Kd1 Kf5 53. Ke2 Ke4 54. Kd1 Ke3 55. Kc2 Ke2 56. Kxc3 d1=Q 57. Kc4 Qd2 58. Kc5 Qd3 59. Kb4 Kd2 60. Kc5 Qe4 61. Kd6 Qf5 62. Kc6 Qe5 63. Kd7 Qf6 64. Kc7 Qe6 65. Kd8 Qf7 66. Kc8 Qe7 67. Kb8 Qd7 68. Ka8 Kc3 69. Kb8 Kc4 70. Ka8 Kc5 71. Kb8 Kb6 72. Ka8 Qb7# 0-1

[Event "3.Città di Padova Op.B, Elo<1900"]
[Site "Padova Ex Fornace Carotta"]
[Date "2000.12.03"]
[Round "3.26"]
[White "Pilotto, Alessandro"]
[Black "Busà, Michele"]
[Result "0-1"]
[WhiteElo "1600"]
[BlackElo "1600"]
[Annotator "Gabriele Ballarin"]
[PlyCount "91"]
[EventDate "2000.12.02"]
[EventType "swiss"]
[EventRounds "6"]
[EventCountry "ITA"]

1. d4 g6 2. Nf3 Bg7 3. Bf4 d6 4. e3 Nf6 5. h3 Nbd7 6. Be2 O-O 7. O-O b6 8. c4 Bb7 9. Nc3 e6 10. Qc2 d5 11. Nb5 Ne8 12. c5 bxc5 13. dxc5 Ba6 14. Rab1 e5 15. Bh2 c6 16. Na3 Bxe2 17. Qxe2 Qa5 18. Rfc1 Nc7 19. Qd2 Qxd2 20. Nxd2 a5 21. Rc2 Ne6 22. Rbc1 a4 23. Nab1 Ra5 24. b4 axb3 25. Nxb3 Ra7 26. N1d2 Rfa8 27. e4 d4 28. Rc4 Rxa2 29. Rb4 Bh6 30. Rd1 Bxd2 31. Nxd2 Rxd2 32. Rc1 Nexc5 33. f3 Nd3 34. Rbc4 Nxc1 35. Rxc1 Raa2 36. Kf1 c5 37. Bg1 c4 38. f4 f6 39. f5 gxf5 40. exf5 c3 41. g4 c2 42. Ke1 Rd1+ 43. Rxd1 cxd1=Q+ 44. Kxd1 Rg2 45. Bxd4 exd4 46. Ke1 0-1

[Event "3.Città di Padova Op.B, Elo<1900"]
[Site "Padova Ex Fornace Carotta"]
[Date "2000.12.03"]
[Round "3.27"]
[White "Spessato, Gianluca"]
[Black "Galiano, Salvatore"]
[Result "1-0"]
[WhiteElo "1642"]
[BlackElo "1416"]
[Annotator "Gabriele Ballarin"]
[PlyCount "90"]
[EventDate "2000.12.02"]
[EventType "swiss"]
[EventRounds "6"]
[EventCountry "ITA"]

1. d4 d5 2. c4 Nf6 3. Nc3 h6 4. Nf3 Bf5 5. cxd5 Nxd5 6. Nxd5 Qxd5 7. e3 Nc6 8. a3 Rd8 9. b4 e5 10. Bb2 e4 11. Nd2 a6 12. Bc4 Qd6 13. O-O b5 14. Ba2 Qg6 15. f3 Bh3 16. Qe2 exf3 17. Qxf3 Be6 18. Qxc6+ Rd7 19. Bxe6 fxe6 20. d5 Bd6 21. dxe6 Qxe6 22. Qe4 Qxe4 23. Nxe4 Re7 24. Nxd6+ cxd6 25. Rac1 Kd7 26. Bd4 Rhe8 27. Rf2 Ke6 28. Rc6 Ra8 29. Bc5 Rd7 30. Rd2 Rad8 31. Rxa6 Ke5 32. Bd4+ Ke4 33. Rb6 Rc8 34. Rd1 Rc2 35. Rxb5 d5 36. Rb6 Re7 37. a4 Kf5 38. a5 Re4 39. Rf1+ Kg5 40. Bxg7 Rg4 41. Bxh6+ Kh4 42. g3+ Kh3 43. Re1 Rxh2 44. Bf4 Rg2+ 45. Kf1 Rg6 1-0

[Event "3.Città di Padova Op.B, Elo<1900"]
[Site "Padova Ex Fornace Carotta"]
[Date "2000.12.03"]
[Round "3.28"]
[White "Sanavio, Giancarlo"]
[Black "Forapan, Fabio"]
[Result "0-1"]
[WhiteElo "1561"]
[BlackElo "1606"]
[Annotator "Gabriele Ballarin"]
[PlyCount "82"]
[EventDate "2000.12.02"]
[EventType "swiss"]
[EventRounds "6"]
[EventCountry "ITA"]

1. Nf3 d6 2. d4 Nf6 3. c4 c6 4. Nc3 g6 5. e4 Bg7 6. Be2 O-O 7. O-O Qc7 8. h3 Nbd7 9. Bg5 e5 10. d5 Nc5 11. Nd2 a5 12. Rc1 Bd7 13. Be3 Na6 14. Nb3 c5 15. Qd2 b6 16. Bh6 Ne8 17. f4 Bxh6 18. Qe1 Bxf4 19. Rd1 Nb4 20. Bd3 Nxd3 21. Rxd3 Bh6 22. Qh4 Bg7 23. Nd2 Qd8 24. Qe1 Nc7 25. h4 b5 26. b3 b4 27. Ne2 Bg4 28. Nf3 Bxf3 29. Rfxf3 Ne8 30. h5 Nf6 31. Ng3 Ra7 32. Qf2 Ng4 33. Qe2 Nf6 34. Qf2 a4 35. h6 Bh8 36. Qd2 axb3 37. axb3 Ra1+ 38. Kh2 Nxe4 39. Nxe4 Qh4+ 40. Rh3 Qxe4 41. Qg5 Qf4+ 0-1

[Event "3.Città di Padova Op.B, Elo<1900"]
[Site "Padova Ex Fornace Carotta"]
[Date "2000.12.03"]
[Round "3.29"]
[White "Menegollo, Carlo"]
[Black "Meggiorin, Orlando"]
[Result "1/2-1/2"]
[WhiteElo "1500"]
[BlackElo "1600"]
[Annotator "Gabriele Ballarin"]
[PlyCount "127"]
[EventDate "2000.12.02"]
[EventType "swiss"]
[EventRounds "6"]
[EventCountry "ITA"]

1. e4 c5 2. d4 cxd4 3. Qxd4 Nc6 4. Qe3 g6 5. Nc3 Bg7 6. Bd2 d6 7. O-O-O Nf6 8. h3 h5 9. f4 a6 10. Qe1 Qc7 11. Nf3 Be6 12. a3 Rc8 13. Bd3 b5 14. Nb1 Na7 15. Ba5 Qb7 16. e5 dxe5 17. fxe5 Nd7 18. Bc3 Qb8 19. Ng5 Bh6 20. Bd2 Nxe5 21. Be2 Bb3 22. Nc3 Bc4 23. Nf3 Bxd2+ 24. Rxd2 Bxe2 25. Rxe2 Nxf3 26. Rxe7+ Kf8 27. gxf3 Qf4+ 28. Kb1 Nc6 29. Re3 Kg7 30. Qf2 Qf5 31. h4 b4 32. axb4 Nxb4 33. Rhe1 Qa5 34. f4 Rxc3 35. Rxc3 Qa2+ 36. Kc1 Qa1+ 37. Kd2 Rd8+ 38. Ke2 Qxb2 39. Qc5 Re8+ 40. Kf2 Rxe1 41. Kxe1 Qc1+ 42. Ke2 Qxf4 43. Rc4 Qh2+ 44. Qf2 Qe5+ 45. Kf1 a5 46. Qd4 Qxd4 47. Rxd4 Nxc2 48. Ra4 Ne3+ 49. Kf2 Ng4+ 50. Kg3 Kh6 51. Rxa5 f6 52. Ra6 g5 53. hxg5+ Kxg5 54. Ra8 h4+ 55. Kh3 Nf2+ 56. Kg2 Ne4 57. Kh3 Nf2+ 58. Kg2 Ng4 59. Kh3 Kf5 60. Kxh4 Ne3 61. Kg3 Nd5 62. Ra1 Ke5 63. Re1+ Kd6 64. Kg4 1/2-1/2

[Event "3.Città di Padova Op.B, Elo<1900"]
[Site "Padova Ex Fornace Carotta"]
[Date "2000.12.03"]
[Round "3.30"]
[White "Borgato, Alessandro"]
[Black "Bonafede, Alessandro"]
[Result "0-1"]
[WhiteElo "1600"]
[BlackElo "1500"]
[Annotator "Gabriele Ballarin"]
[PlyCount "100"]
[EventDate "2000.12.02"]
[EventType "swiss"]
[EventRounds "6"]
[EventCountry "ITA"]

1. e4 e5 2. Nf3 Nc6 3. Bc4 Nf6 4. d3 Bc5 5. O-O O-O 6. c3 Bb6 7. b4 a6 8. a4 d6 9. a5 Ba7 10. Re1 Be6 11. Bxe6 fxe6 12. Be3 Bxe3 13. Rxe3 Qd7 14. Nbd2 Rae8 15. h3 d5 16. Re1 d4 17. Qb3 dxc3 18. Qxc3 Qd6 19. Rab1 Rd8 20. Re3 Nd4 21. Nc4 Nxf3+ 22. Rxf3 Qd4 23. Qb3 Nh5 24. Rxf8+ Kxf8 25. Nb2 Nf4 26. Rd1 Ke7 27. Rd2 Rf8 28. Qc4 Qxc4 29. Nxc4 Kf6 30. Ne3 h5 31. Kh2 Rd8 32. g3 Nxd3 33. Nc4 Rd4 34. Nb2 Nxb4 35. Rxd4 exd4 36. Kg2 Ke5 37. f3 Kd6 38. g4 hxg4 39. fxg4 Nc6 40. Nd3 Nxa5 41. h4 c5 42. g5 c4 43. h5 Ke7 44. Ne5 Kf8 45. Nd7+ Kg8 46. Nf6+ gxf6 47. gxf6 Nc6 48. h6 Ne5 49. h7+ Kxh7 50. f7 Nxf7 0-1

[Event "3.Città di Padova Op.B, Elo<1900"]
[Site "Padova Ex Fornace Carotta"]
[Date "2000.12.03"]
[Round "3.31"]
[White "Bonetto, Giorgio"]
[Black "Trimboli, Carlo"]
[Result "0-1"]
[WhiteElo "1528"]
[BlackElo "1500"]
[Annotator "Gabriele Ballarin"]
[PlyCount "66"]
[EventDate "2000.12.02"]
[EventType "swiss"]
[EventRounds "6"]
[EventCountry "ITA"]

1. e4 e5 2. f4 d6 3. Nf3 Bg4 4. h3 Bxf3 5. Qxf3 Nc6 6. Bb5 Nge7 7. fxe5 dxe5 8. O-O f6 9. c3 Qd6 10. Na3 O-O-O 11. d3 a6 12. Bxc6 Nxc6 13. Rd1 Qe6 14. b4 Bd6 15. Be3 Rhf8 16. Rf1 Rf7 17. Nc2 Rdf8 18. a4 f5 19. b5 Na5 20. bxa6 bxa6 21. exf5 Rxf5 22. Qa8+ Kd7 23. Qxa6 Nc6 24. d4 exd4 25. Rxf5 Rxf5 26. cxd4 Nxd4 27. Bxd4 Bh2+ 28. Kxh2 Qxa6 29. Bxg7 Qg6 30. Rd1+ Kc8 31. Bd4 Qd6+ 32. Kh1 Rd5 33. Rd3 Qf4 0-1

[Event "3.Città di Padova Op.B, Elo<1900"]
[Site "Padova Ex Fornace Carotta"]
[Date "2000.12.03"]
[Round "3.32"]
[White "Chinellato, Marco"]
[Black "Morelli, Umberto"]
[Result "0-1"]
[WhiteElo "1500"]
[BlackElo "1507"]
[Annotator "Gabriele Ballarin"]
[PlyCount "108"]
[EventDate "2000.12.02"]
[EventType "swiss"]
[EventRounds "6"]
[EventCountry "ITA"]

1. e4 c5 2. Nf3 d6 3. c3 Nf6 4. e5 dxe5 5. Nxe5 Qc7 6. d4 e6 7. Qb3 Bd6 8. Bb5+ Nbd7 9. O-O O-O 10. Nf3 b6 11. Nbd2 Bb7 12. h3 a6 13. Be2 b5 14. a4 c4 15. Qc2 Rfe8 16. Ng5 h6 17. Nge4 e5 18. Nxd6 Qxd6 19. axb5 axb5 20. Rxa8 Bxa8 21. Bf3 exd4 22. cxd4 Qxd4 23. Bxa8 Rxa8 24. Nf3 Qe4 25. Qc3 Nd5 26. Qd2 Nc5 27. Re1 Qd3 28. Re5 Qxd2 29. Bxd2 Rd8 30. Bc3 Nd3 31. Re4 b4 32. Bd4 c3 33. bxc3 bxc3 34. Ne5 Nxe5 35. Bxe5 c2 36. Rc4 Re8 37. Bb2 Re1+ 38. Kh2 Re2 39. f3 Ne3 40. Re4 Rxg2+ 41. Kh1 Re2 42. Re8+ Kh7 43. Rc8 Rf2 44. Rc3 Nd1 45. Kg1 Nxc3 46. Kxf2 Nd1+ 47. Ke2 Nxb2 48. Kd2 Nc4+ 49. Kxc2 Kg6 50. Kd3 Ne5+ 51. Ke4 Nd7 52. Kf4 f5 53. Kg3 Kf6 54. Kh4 g5+ 0-1

[Event "3.Città di Padova Op.B, Elo<1900"]
[Site "Padova Ex Fornace Carotta"]
[Date "2000.12.03"]
[Round "3.33"]
[White "Zannol, Roberto"]
[Black "Alessi, Giovanni"]
[Result "1-0"]
[WhiteElo "1500"]
[BlackElo "1500"]
[Annotator "Gabriele Ballarin"]
[PlyCount "76"]
[EventDate "2000.12.02"]
[EventType "swiss"]
[EventRounds "6"]
[EventCountry "ITA"]

1. e4 e6 2. d4 c5 3. c3 cxd4 4. cxd4 Be7 5. Nf3 Nf6 6. Bd3 d6 7. O-O Qc7 8. Nc3 a6 9. Qc2 e5 10. Bg5 O-O 11. Rac1 Qd8 12. Rfd1 Nfd7 13. Bxe7 Qxe7 14. Nd5 Qd8 15. Qc7 Nc6 16. Qxd6 exd4 17. Bb1 Re8 18. Nc7 Qe7 19. Nxe8 Qxe8 20. Nxd4 Nde5 21. Nxc6 Nxc6 22. e5 Be6 23. Qd3 g6 24. Qe3 Rd8 25. Rxd8 Qxd8 26. h3 Nd4 27. Rd1 Qa5 28. Qxd4 Kg7 29. a3 b5 30. Qd8 Qa4 31. Qf6+ Kh6 32. Re1 Bd5 33. Qd6 Qc4 34. Qb4 Qc6 35. Qh4+ Kg7 36. Qf6+ Qxf6 37. exf6+ Kxf6 38. f3 g5 1-0